Uplatňovanie princípov holizmu v personálnom manažmente
Holistický prístup v oblasti riadenia ľudských zdrojov, ktorý vychádza z komplexného trojdimenzionálneho modelu: emocionálna pohoda, psychická pohoda a fyzické zdravie.
Uložené v:
| Hlavný autor: | |
|---|---|
| Médium: | Kapitola |
| Jazyk: | Slovak |
| Predmet: | |
| Tagy: |
Žiadne tagy, Buďte prvý, kto otaguje tento záznam!
|
MARC
| LEADER | 00000nla a2200000 4500 | ||
|---|---|---|---|
| 001 | 0180765 | ||
| 005 | 20240502073105.5 | ||
| 041 | 0 | |a slo | |
| 044 | |a SK | ||
| 245 | 1 | 0 | |a Uplatňovanie princípov holizmu v personálnom manažmente |c Miroslava Szarková |
| 520 | |a Holistický prístup v oblasti riadenia ľudských zdrojov, ktorý vychádza z komplexného trojdimenzionálneho modelu: emocionálna pohoda, psychická pohoda a fyzické zdravie. | ||
| 610 | 2 | 0 | |a zdroje ľudské |
| 610 | 2 | 0 | |a zamestnanci |
| 610 | 2 | 0 | |a riadenie ľudských zdrojov |
| 610 | 2 | 0 | |a emócie |
| 610 | 2 | 0 | |a zdravie |
| 610 | 2 | 0 | |a psychológia |
| 100 | 1 | |a Szarková, Miroslava, 1951- | |